BIBLIOTECA

SENCICO

Fabricación de bloques de suelo estabilizado con asfalto y emulsiones (Registro nro. 3454)

Detalles MARC
000 -LEADER
fixed length control field 00666nam a2200181Ia 4500
005 - DATE AND TIME OF LATEST TRANSACTION
control field 20251020182614.0
008 - FIXED-LENGTH DATA ELEMENTS--GENERAL INFORMATION
fixed length control field 200515s9999 xx 000 0 und d
082 ## - DEWEY DECIMAL CLASSIFICATION NUMBER
Classification number SC/691.411/I61
110 ## - MAIN ENTRY--CORPORATE NAME
Corporate name or jurisdiction name as entry element International Institute of Housing Technology
245 #0 - TITLE STATEMENT
Title Fabricación de bloques de suelo estabilizado con asfalto y emulsiones
260 ## - PUBLICATION, DISTRIBUTION, ETC.
Place of publication, distribution, etc. California
260 ## - PUBLICATION, DISTRIBUTION, ETC.
Date of publication, distribution, etc. 1972
300 ## - PHYSICAL DESCRIPTION
Extent 69
520 ## - SUMMARY, ETC.
Summary, etc. Describe el método de estabilización del adobe secado al sol con el fin de hacerlo impermeable y durable, de tal manera que requiera un mínimo mantenimiento en los años posteriores
650 ## - SUBJECT ADDED ENTRY--TOPICAL TERM
Topical term or geographic name entry element ADOBE
650 ## - SUBJECT ADDED ENTRY--TOPICAL TERM
Topical term or geographic name entry element CONSTRUCCIONES EN TIERRA
942 ## - ADDED ENTRY ELEMENTS (KOHA)
Koha item type Libros
Existencias
Fecha de la última vez que lo usaron Pago total Signatura topográfica completa Código de barras Precio efectivo desde Tipo de documento Estado perdido Estado dañado No es para préstamo Retirado Ubicación permanente Ubicación actual Fecha de adquisición
15/05/2020   SC/691.411/I61 Bib-Lima15053454 15/05/2020 Libros         Biblioteca Central Lima Biblioteca Central Lima 15/05/2020